Catálogo público

Nutrient requirements of beef cattle / (Record no. 164644)

MARC details
000 -CABECERA
campo de control de longitud fija 00733nam a2200253Ia 4500
001 - NÚMERO DE CONTROL
campo de control Z_1556
003 - IDENTIFICADOR DEL NÚMERO DE CONTROL
campo de control CHAP
005 - FECHA Y HORA DE LA ÚLTIMA TRANSACCIÓN
campo de control 20250122125211.0
008 - DATOS DE LONGITUD FIJA--INFORMACIÓN GENERAL
campo de control de longitud fija 220113s1984 xx 000 0 und d
010 ## - NÚMERO DE CONTROL DE LA BIBLIOTECA DEL CONGRESO
Número de control de LC 164644
020 ## - NÚMERO INTERNACIONAL ESTÁNDAR DEL LIBRO
Número Internacional Estándar del Libro 0-309-03447-7
040 ## - FUENTE DE LA CATALOGACIÓN
Centro catalogador/agencia de origen Z
Centro/agencia transcriptor CHAP
Normas de descripción rda
082 ## - NÚMERO DE LA CLASIFICACIÓN DECIMAL DEWEY
Número de clasificación 636.0852
Número de documento/Ítem N38 B44 1984
Número de edición 20
100 ## - ENTRADA PRINCIPAL--NOMBRE DE PERSONA
Nombre de persona National Research Council. Washington
9 (RLIN) 137241
245 ## - MENCIÓN DE TÍTULO
Título Nutrient requirements of beef cattle /
Mención de responsabilidad, etc. by NRC
300 ## - DESCRIPCIÓN FÍSICA
Extensión 90 p
650 ## - PUNTO DE ACCESO ADICIONAL DE MATERIA--TÉRMINO DE MATERIA
Término de materia o nombre geográfico como elemento de entrada Alimentos y alimentación del ganado I.t.
9 (RLIN) 137350
650 ## - PUNTO DE ACCESO ADICIONAL DE MATERIA--TÉRMINO DE MATERIA
Término de materia o nombre geográfico como elemento de entrada Ganado de carne
Subdivisión general Alimentación
9 (RLIN) 45068
942 ## - ELEMENTOS DE PUNTO DE ACCESO ADICIONAL (KOHA)
Tipo de ítem Koha Libro
Fuente del sistema de clasificación o colocación Dewey Decimal Classification
260 ## - PUBLICACIÓN, DISTRIBUCIÓN, ETC.
Lugar de publicación, distribución, etc. Washington :
Nombre del editor, distribuidor, etc. National Academy Press,
Fecha de publicación, distribución, etc. 1984
901 ## - ELEMENTOS DE DATOS A LOCAL LDA (RLIN)
a 636.0852 N38 B44 1984
902 ## - ELEMENTOS DE DATOS B LOCAL, LDB (RLIN)
a A
910 ## - DATOS DE OPCIÓN DEL USUARIO (OCLC)
Datos de opción del usuario 1984
Holdings
Estado de retiro Estado de pérdida Fuente del sistema de clasificación o colocación Estado dañado Restricciones de uso No para préstamo Código de colección Localización permanente Ubicación/localización actual Fecha de adquisición Signatura topográfica completa Código de barras Fecha visto por última vez Número de copia Precio válido a partir de Tipo de ítem Koha Total de préstamos Fecha del último préstamo
    Dewey Decimal Classification   Préstamo interno   General Zootecnia Zootecnia 09/11/2005 636.0852 N38 B44 1984 5102001660 18/01/2022 Ej.1 18/01/2022 Libro    
    Dewey Decimal Classification   Préstamo interno   General Zootecnia Zootecnia 09/11/2005 636.0852 N38 B44 1984 5102001661 18/01/2022 Ej.2 18/01/2022 Libro    
    Dewey Decimal Classification   Préstamo interno   General Zootecnia Zootecnia 09/11/2005 636.0852 N38 B44 1984 5102001662 18/01/2022 Ej.3 18/01/2022 Libro    
    Dewey Decimal Classification   Préstamo 5 días   General Zootecnia Zootecnia 22/01/2025 636.0852 N38 B44 1984 5102004894 04/02/2025 Ej.4 22/01/2025 Libro 1 30/01/2025